书目信息 |
| 题名: |
人像摄影美学基础入门
|
|
| 作者: | 高振杰 著 | |
| 分册: | ||
| 出版信息: | 北京 人民邮电出版社 2019.12 |
|
| 页数: | 223页 | |
| 开本: | 23cm | |
| 丛书名: | ||
| 单 册: | ||
| 中图分类: | J413 | |
| 科图分类: | ||
| 主题词: | 人像摄影--ren xiang she ying--摄影美学--构图 (美术) | |
| 电子资源: | ||
| ISBN: | 978-7-115-52064-7 | |
| 000 | 00873nam0 2200241 450 | |
| 001 | 202020139487 | |
| 005 | 20200926181346.0 | |
| 010 | @a978-7-115-52064-7@dCNY89.00 | |
| 100 | @a20200916d2019 em y0chiy50 ea | |
| 101 | 0 | @achi |
| 102 | @aCN@b110000 | |
| 105 | @aa z 000yy | |
| 106 | @ar | |
| 200 | 1 | @a人像摄影美学基础入门@Aren xiang she ying mei xue ji chu ru men@e构图艺术@f高振杰著 |
| 210 | @a北京@c人民邮电出版社@d2019.12 | |
| 215 | @a223页@c彩图@d23cm | |
| 330 | @a本书分审美的眼光、观察的艺术、决定性地看、画面的设计、构图技巧。内容包括: 审美 ; 人像摄影师的审美修养 ; 美与丑 ; 独特性 ; 看的意识 ; 观察习惯 ; 观察方式等。 | |
| 517 | 1 | @a构图艺术@Agou tu yi shu |
| 606 | 0 | @a人像摄影@Aren xiang she ying@x摄影美学@x构图 (美术) |
| 690 | @aJ413@v5 | |
| 701 | 0 | @a高振杰@Agao zhen jie@4著 |
| 801 | 0 | @aCN@c20191205 |
| 905 | @a河南城建学院图书馆@dJ413@eG212 | |
| 人像摄影美学基础入门:构图艺术/高振杰著.-北京:人民邮电出版社,2019.12 |
| 223页:彩图;23cm |
| ISBN 978-7-115-52064-7:CNY89.00 |
| 本书分审美的眼光、观察的艺术、决定性地看、画面的设计、构图技巧。内容包括: 审美 ; 人像摄影师的审美修养 ; 美与丑 ; 独特性 ; 看的意识 ; 观察习惯 ; 观察方式等。 |
| ● |
| 相关链接 |
|
|
|
正题名:人像摄影美学基础入门
索取号:J413/G212
 
预约/预借
| 序号 | 登录号 | 条形码 | 馆藏地/架位号 | 状态 | 备注 |
| 1 | 1489278 | 214892785 | 社科库309/309社科库 84排1列4层/ [索取号:J413/G212] | 在馆 | |
| 2 | 1489279 | 214892794 | 社科库309/309社科库 84排1列4层/ [索取号:J413/G212] | 在馆 |